Ariatea / (Record no. 32786)

MARC details
000 -LEADER
campo de control de longitud fija 00440nam a2200157 i 4500
001 - NÚMERO DE CONTROL
campo de control 32786
003 - IDENTIFICADOR DE NÚMERO DE CONTROL
campo de control ES-MaACL
005 - FECHA Y HORA DE LA ÚLTIMA TRANSACCIÓN
campo de control 20230906154632.0
007 - CAMPO FIJO DE DESCRIPCIÓN FÍSICA--INFORMACIÓN GENERAL
campo de control de longitud fija t|
008 - DATOS DE LONGITUD FIJA--INFORMACIÓN GENERAL
campo de control de longitud fija 030131s1960 sp ||||1| spa d
100 1# - ENTRADA PRINCIPAL--NOMBRE DE PERSONA
Nombre de persona Bertrana, Aurora.
9 (RLIN) 28513
245 10 - MENCIÓN DEL TÍTULO
Título Ariatea /
Mención de responsabilidad, etc. Aurora Bertrana.
260 ## - PUBLICACIÓN, DISTRIBUCIÓN, ETC.
Lugar de publicación, distribución, etc. Barcelona :
Nombre del editor, distribuidor, etc. Alberti,
Fecha de publicación, distribución, etc. 1960 (
Lugar de fabricación/manufactura Gerona :
Fabricante Industries Litografiques)
300 ## - DESCRIPCIÓN FÍSICA
Extensión 164 p. ;
Dimensiones 14 cm.
852 ## - LOCALIZACIÓN
Ubicación ES-MaACL
Número de control de estantería D-6230
Sublocalización o colección R.47411
Holdings
Estatus retirado Estado de pérdida Estado de daño No para préstamo Biblioteca de origen Biblioteca actual Ubicación en estantería Fecha de adquisición Fuente de adquisición Total de préstamos Signatura topográfica completa Código de barras Visto por última vez Precio de reemplazo Tipo de ítem Koha
        Biblioteca del Ateneo de Madrid Biblioteca del Ateneo de Madrid Sala Valle Inclán 17/01/2008     D-6230 901034018 23/02/2023 23/02/2023 Libro impreso